| 000 | 00650nam a22002057a 4500 | ||
|---|---|---|---|
| 003 | NUST | ||
| 005 | 20230117103528.0 | ||
| 008 | 190705b ||||| |||| 00| 0 eng d | ||
| 038 | _aMr.Atta | ||
| 082 | _a510 | ||
| 100 |
_aDayo, Sohail Ahmed _916855 |
||
| 245 |
_aTwo Dimenstional Harmonic Oscillators and Their Physical Interpretaltion / _cSohail Ahmed Dayo |
||
| 260 |
_aIslamabad : _bCAMP - NUST, _c2013. |
||
| 300 |
_aiv, 40 p. ; _c30cm. |
||
| 500 | _aHardcover. | ||
| 650 |
_aMathematics - M.Phil Thesis _916594 |
||
| 700 |
_aProf. Asghar Qadir _916164 |
||
| 856 | _uhttp://10.250.8.41:8080/xmlui/handle/123456789/4133 | ||
| 942 |
_2ddc _cTHE |
||
| 999 |
_c525911 _d525911 |
||